Managing communications (Record no. 115219)
[ view plain ]
| 000 -LEADER | |
|---|---|
| fixed length control field | 01272cad a22002775a 4500 |
| 001 - CONTROL NUMBER | |
| control field | L158238 |
| 008 - FIXED-LENGTH DATA ELEMENTS--GENERAL INFORMATION | |
| fixed length control field | 100106s2013 xxk f 000 0 eng d |
| 020 ## - INTERNATIONAL STANDARD BOOK NUMBER | |
| International Standard Book Number | 9781842199213 |
| 035 ## - SYSTEM CONTROL NUMBER | |
| System control number | (Sirsi) u158238 |
| 041 0# - LANGUAGE CODE | |
| Language code of text/sound track or separate title | eng |
| 050 04 - LIBRARY OF CONGRESS CALL NUMBER | |
| Classification number | 025.4 $2 18 |
| 110 2# - MAIN ENTRY--CORPORATE NAME | |
| Corporate name or jurisdiction name as entry element | Royal Institution of Chartered Surveyors |
| 9 (RLIN) | 4900 |
| 245 00 - TITLE STATEMENT | |
| Title | Managing communications |
| Statement of responsibility, etc. | [archived] |
| 250 ## - EDITION STATEMENT | |
| Edition statement | 1st ed. |
| 260 ## - PUBLICATION, DISTRIBUTION, ETC. | |
| Place of publication, distribution, etc. | London |
| Name of publisher, distributor, etc. | RICS |
| Date of publication, distribution, etc. | 2013 |
| 490 #0 - SERIES STATEMENT | |
| Series statement | RICS Information Paper |
| 500 ## - GENERAL NOTE | |
| General note | Archived. Effective July 2013 to August 2018. |
| 520 ## - SUMMARY, ETC. | |
| Summary, etc. | Examines communications in an industry context, covering how clear, consistent communication via different media enables stakeholders to play their part in delivering a successful project. Some of the topics addressed in this publication include stakeholder management, communications strategy, communications plans, communications vehicles and channels, and project identity and brand. |
| 521 ## - TARGET AUDIENCE NOTE | |
| Target audience note | Advanced |
| 590 ## - LOCAL NOTE (RLIN) | |
| Local note | KA |
| 650 24 - SUBJECT ADDED ENTRY--TOPICAL TERM | |
| Topical term or geographic name entry element | COMMUNICATION MANAGEMENT |
| 651 #4 - SUBJECT ADDED ENTRY--GEOGRAPHIC NAME | |
| Geographic name | United Kingdom |
| 690 ## - LOCAL SUBJECT ADDED ENTRY--TOPICAL TERM (OCLC, RLIN) | |
| Topical term or geographic name as entry element | Project management |
| 9 (RLIN) | 6261 |
| 856 41 - ELECTRONIC LOCATION AND ACCESS | |
| Uniform Resource Identifier | <a href="https://www.isurv.com/downloads/file/5186/archive_managing_communications_1st_edition_july_2013%E2%80%93june_2018">https://www.isurv.com/downloads/file/5186/archive_managing_communications_1st_edition_july_2013%E2%80%93june_2018</a> |
| Public note | Archived on isurv (subscription required) |
| 942 ## - ADDED ENTRY ELEMENTS (KOHA) | |
| Suppress in OPAC | 0 |
| Source of classification or shelving scheme | Dewey Decimal Classification |
| Withdrawn status | Lost status | Source of classification or shelving scheme | Damaged status | Not for loan | Home library | Current library | Shelving location | Date acquired | Total Checkouts | Full call number | Date last seen | Copy number | Koha item type | Price effective from |
|---|---|---|---|---|---|---|---|---|---|---|---|---|---|---|
| Dewey Decimal Classification | Archives | Archives | RICS Boxes | 22/03/2023 | RICS 2013/29 | 22/03/2023 | 2 | Book | 22/03/2023 | |||||
| Dewey Decimal Classification | Virtual | Virtual | Online | 30/10/2014 | iSurv | 22/03/2023 | 1 | Book |